[Event "Landesliga Sued 1819"]
[Site "Bayern"]
[Date "2019.04.07"]
[Round "9.8"]
[White "Reisser, Simon"]
[Black "Reimann, Matthias"]
[Result "1/2-1/2"]
[WhiteElo "1925"]
[BlackElo "1972"]
[PlyCount "73"]
[EventDate "2018.10.21"]
[EventType "team-tourn"]
[EventRounds "9"]
[EventCountry "GER"]
[SourceTitle "EXT 2022"]
[Source "ChessBase"]
[SourceDate "2021.10.06"]
[SourceVersion "1"]
[SourceVersionDate "2021.10.06"]
[SourceQuality "1"]
[WhiteTeam "Trostberg TSV"]
[BlackTeam "Kriegshaber SK"]
[WhiteTeamCountry "GER"]
[BlackTeamCountry "GER"]

1. e4 d6 2. d4 g6 3. Nf3 Bg7 4. Bd3 Nf6 5. 0-0 0-0 6. Re1 Nc6 7. c3 e5 8. d5 Ne7 9. c4 Nd7 10. Nc3 f5 11. Ng5 Nf6 12. f4 exf4 13. exf5 Nxf5 14. Bxf4 Nh5 15. Bd2 Bd4+ 16. Kh1 Nh4 17. Re4 Bf2 18. Be2 Ng7 19. Bg4 Bf5 20. Bxf5 Nhxf5 21. Qe2 Bh4 22. Qg4 h5 23. Ne6 hxg4 24. Nxd8 Raxd8 25. Rxg4 Kh7 26. Nb5 Rd7 27. Nd4 Bf6 28. Nf3 Re8 29. Rf4 Bxb2 30. Rb1 Be5 31. Ng5+ Kg8 32. Rf3 b6 33. Rbf1 Rdd8 34. g4 Nd4 35. R3f2 Rf8 36. Nf7 Rxf7 37. Rxf7 1/2-1/2

[Event "Landesliga Sued 1819"]
[Site "Bayern"]
[Date "2018.10.21"]
[Round "1.8"]
[White "Broschwitz, Martin"]
[Black "Reisser, Simon"]
[Result "0-1"]
[WhiteElo "1997"]
[BlackElo "1925"]
[PlyCount "44"]
[EventDate "2018.10.21"]
[EventType "team-tourn"]
[EventRounds "9"]
[EventCountry "GER"]
[SourceTitle "EXT 2022"]
[Source "ChessBase"]
[SourceDate "2021.10.06"]
[SourceVersion "1"]
[SourceVersionDate "2021.10.06"]
[SourceQuality "1"]
[WhiteTeam "Unterhaching"]
[BlackTeam "Trostberg TSV"]
[WhiteTeamCountry "GER"]
[BlackTeamCountry "GER"]

1. d4 Nf6 2. Nf3 d5 3. c4 e6 4. Nc3 Be7 5. Bg5 Nc6 6. e3 a6 7. Rc1 0-0 8. Bd3 dxc4 9. Bxc4 Nd5 10. Bxe7 Ncxe7 11. 0-0 c6 12. e4 Nb6 13. Bb3 Ng6 14. Qd2 Qc7 15. Rfd1 Rd8 16. d5 exd5 17. exd5 Bg4 18. d6 Qd7 19. Qe3 Re8 20. Qxb6 Bxf3 21. gxf3 Nh4 22. Kh1 Qh3 0-1

[Event "Regionalliga Sued-Ost 1718"]
[Site "Bayern"]
[Date "2018.01.21"]
[Round "5.6"]
[White "Reisser, Simon"]
[Black "Manco, Michela"]
[Result "1-0"]
[WhiteElo "1920"]
[BlackElo "1762"]
[PlyCount "65"]
[EventDate "2017.10.22"]
[EventType "team-tourn"]
[EventRounds "9"]
[EventCountry "GER"]
[SourceTitle "EXT 2022"]
[Source "ChessBase"]
[SourceDate "2021.10.06"]
[SourceVersion "1"]
[SourceVersionDate "2021.10.06"]
[SourceQuality "1"]
[WhiteTeam "Trostberg TSV"]
[BlackTeam "Tegernsee TV"]
[WhiteTeamCountry "GER"]
[BlackTeamCountry "GER"]

1. e4 e5 2. Nf3 Nc6 3. Bc4 Bc5 4. c3 Nf6 5. d3 d6 6. h3 Ne7 7. a4 a5 8. 0-0 0-0 9. Re1 Ng6 10. d4 exd4 11. cxd4 Bb4 12. Nc3 Re8 13. Bd2 Bxc3 14. bxc3 Nxe4 15. Bxf7+ Kxf7 16. Rxe4 Rxe4 17. Ng5+ Kg8 18. Nxe4 d5 19. Qb3 h6 20. Re1 b6 21. Ng3 Qd7 22. Nh5 Qf7 23. Nf4 Nxf4 24. Bxf4 Bb7 25. Be5 Rf8 26. Qc2 c6 27. Re3 Qd7 28. Rg3 Rf7 29. Qg6 Kf8 30. Qh7 Ke7 31. Rxg7 Rxg7 32. Qxg7+ Ke8 33. Qxh6 1-0

[Event "Regionalliga Sued-Ost 1718"]
[Site "Bayern"]
[Date "2017.11.26"]
[Round "3.5"]
[White "Stinka, Jakub"]
[Black "Reisser, Simon"]
[Result "1/2-1/2"]
[WhiteElo "2033"]
[BlackElo "1920"]
[PlyCount "89"]
[EventDate "2017.10.22"]
[EventType "team-tourn"]
[EventRounds "9"]
[EventCountry "GER"]
[SourceTitle "EXT 2022"]
[Source "ChessBase"]
[SourceDate "2021.10.06"]
[SourceVersion "1"]
[SourceVersionDate "2021.10.06"]
[SourceQuality "1"]
[WhiteTeam "Bayerwald Regen/Zwiesel"]
[BlackTeam "Trostberg TSV"]
[WhiteTeamCountry "GER"]
[BlackTeamCountry "GER"]

1. e4 e5 2. Nf3 Nc6 3. Bb5 a6 4. Ba4 Nf6 5. d3 b5 6. Bb3 Be7 7. c3 d6 8. Nbd2 0-0 9. h3 Be6 10. Bc2 h6 11. Qe2 Re8 12. Nf1 d5 13. Ne3 dxe4 14. dxe4 Bc5 15. 0-0 Nh5 16. Rd1 Nf4 17. Qe1 Qf6 18. Nd5 Bxd5 19. exd5 e4 20. Bxe4 Ne5 21. Be3 Nxh3+ 22. gxh3 Nxf3+ 23. Bxf3 Qxf3 24. Rd3 Qxh3 25. Qf1 Qxf1+ 26. Rxf1 Bxe3 27. Rxe3 Rxe3 28. fxe3 Rd8 29. Rd1 f5 30. b3 Kf7 31. c4 bxc4 32. bxc4 c6 33. d6 c5 34. Rd5 Ke6 35. Rxc5 Rxd6 36. Rc7 g5 37. c5 Rd1+ 38. Kg2 Rd2+ 39. Kg3 Rxa2 40. Rc6+ Kd5 41. Rxh6 f4+ 42. exf4 gxf4+ 43. Kxf4 Kxc5 44. Ke4 Rd2 45. Rxa6 1/2-1/2

[Event "Regionalliga SO 1415"]
[Site "Bayern"]
[Date "2014.12.07"]
[Round "4.7"]
[White "Gruber, Helmut"]
[Black "Reisser, Simon"]
[Result "1/2-1/2"]
[WhiteElo "1750"]
[BlackElo "1925"]
[PlyCount "47"]
[EventDate "2014.10.19"]
[EventType "team-tourn"]
[EventRounds "9"]
[EventCountry "GER"]
[SourceTitle "EXT 2018"]
[Source "ChessBase"]
[SourceDate "2017.10.13"]
[SourceVersion "1"]
[SourceVersionDate "2017.10.13"]
[SourceQuality "1"]
[WhiteTeam "Bayerwald Regen/Zwiesel"]
[BlackTeam "Trostberg"]
[WhiteTeamCountry "GER"]
[BlackTeamCountry "GER"]

1. d4 Nf6 2. Nf3 g6 3. Bg5 Bg7 4. Nbd2 d5 5. e3 0-0 6. Bd3 Nbd7 7. 0-0 c5 8. c3 Re8 9. e4 dxe4 10. Nxe4 cxd4 11. Nxd4 Nxe4 12. Bxe4 Nc5 13. Bc2 Qb6 14. Nb3 Nxb3 15. Bxb3 Bf5 16. Qd5 Be6 17. Qd1 Bxb3 18. Qxb3 Qxb3 19. axb3 f6 20. Be3 a6 21. Rfd1 Rad8 22. Bb6 Rd6 23. Rxd6 exd6 24. Kf1 1/2-1/2

[Event "Regionalliga SO 1314"]
[Site "Bayern"]
[Date "2013.11.24"]
[Round "3.8"]
[White "Huber, Josef"]
[Black "Reisser, Simon"]
[Result "0-1"]
[WhiteElo "1897"]
[BlackElo "1912"]
[PlyCount "70"]
[EventDate "2013.10.13"]
[EventType "team-tourn"]
[EventRounds "9"]
[EventCountry "GER"]
[SourceTitle "EXT 2015"]
[Source "ChessBase"]
[SourceDate "2014.11.20"]
[SourceVersion "1"]
[SourceVersionDate "2014.11.20"]
[SourceQuality "1"]
[WhiteTeam "Bruckmuehl"]
[BlackTeam "Trostberg"]
[WhiteTeamCountry "GER"]
[BlackTeamCountry "GER"]

1. e4 e5 2. Bc4 Nf6 3. d4 exd4 4. Nf3 d5 5. exd5 Nxd5 6. Qxd4 Qe7+ 7. Kd1 Nf6 8. Re1 Be6 9. Bxe6 fxe6 10. Ng5 Nc6 11. Qa4 0-0-0+ 12. Bd2 e5 13. c3 Nd5 14. Kc2 h6 15. Ne4 Qd7 16. Qc4 Na5 17. Qe2 Qa4+ 18. Kc1 Nb3+ 19. axb3 Qxa1 20. Qh5 Qa2 21. Kc2 Qa5 22. Ng3 Kb8 23. Rxe5 g6 24. Qe2 Bd6 25. c4 Nb4+ 26. Bxb4 Qxe5 27. Bxd6 Qxd6 28. Ne4 Rhe8 29. f3 Qxh2 30. Nbc3 Qg1 31. c5 Re6 32. b4 Rde8 33. Kb3 a5 34. Qb5 axb4 35. Nd5 Qd1+ 0-1

[Event "Regionalliga SO 1213"]
[Site "Bayern"]
[Date "2013.01.13"]
[Round "5.8"]
[White "Reisser, Simon"]
[Black "Swoboda, Philipp"]
[Result "1-0"]
[WhiteElo "1876"]
[BlackElo "1916"]
[PlyCount "69"]
[EventDate "2012.10.14"]
[EventType "team-tourn"]
[EventRounds "9"]
[EventCountry "GER"]
[SourceTitle "EXT 2015"]
[Source "ChessBase"]
[SourceDate "2014.11.20"]
[SourceVersion "1"]
[SourceVersionDate "2014.11.20"]
[SourceQuality "1"]
[WhiteTeam "Trostberg"]
[BlackTeam "Roehrnbach"]
[WhiteTeamCountry "GER"]
[BlackTeamCountry "GER"]

1. e4 e5 2. Nf3 Nf6 3. Nxe5 d6 4. Nf3 Nxe4 5. Nc3 Nxc3 6. dxc3 Be7 7. Bc4 0-0 8. 0-0 Nc6 9. Re1 Bg4 10. Bf4 Bf6 11. Qd3 Bxf3 12. Qxf3 Ne5 13. Bxe5 Bxe5 14. Rad1 Qh4 15. Re4 Qxh2+ 16. Kf1 Rae8 17. g3 Qh3+ 18. Kg1 c6 19. Rh4 Qd7 20. Kg2 h6 21. Rdh1 d5 22. Bd3 f5 23. Rh5 Rf6 24. Bxf5 Ref8 25. Bxd7 Rxf3 26. Rxe5 Rxf2+ 27. Kh3 Rxc2 28. Be6+ Kh8 29. Bf5 Rxb2 30. Bg6 Rxa2 31. Rf1 Rb8 32. Rf7 Rb2 33. Ree7 a5 34. Rxg7 a4 35. Bf5 1-0

[Event "Regionalliga SO 1011"]
[Site "Bayern"]
[Date "2011.02.27"]
[Round "7.7"]
[White "Baier, Herbert"]
[Black "Reisser, Simon"]
[Result "1-0"]
[WhiteElo "1987"]
[BlackElo "1755"]
[PlyCount "93"]
[EventDate "2010.10.10"]
[EventType "team-tourn"]
[EventRounds "9"]
[EventCountry "GER"]
[SourceTitle "EXT 2012"]
[Source "ChessBase"]
[SourceDate "2011.11.24"]
[SourceVersion "1"]
[SourceVersionDate "2011.11.24"]
[SourceQuality "1"]
[WhiteTeam "Ilmmuenster"]
[BlackTeam "Trostberg"]
[WhiteTeamCountry "GER"]
[BlackTeamCountry "GER"]

1. e4 e5 2. Bc4 Nf6 3. d3 c6 4. Nf3 d5 5. Bb3 Bd6 6. 0-0 Bg4 7. h3 Bh5 8. Re1 Nbd7 9. Nbd2 0-0 10. Nf1 h6 11. Ng3 Bg6 12. Nh4 Kh7 13. Nhf5 Bc7 14. Qf3 Nc5 15. c3 Nxb3 16. axb3 dxe4 17. dxe4 Ng8 18. Be3 a6 19. Rad1 Qf6 20. Rd7 Rac8 21. Red1 Rfd8 22. h4 Qe6 23. Rxd8 Rxd8 24. Rxd8 Bxd8 25. Qd1 Bc7 26. Bc5 Bxf5 27. Nxf5 g6 28. Ne3 b6 29. Ba3 Nf6 30. f3 c5 31. b4 c4 32. Nd5 Nxd5 33. exd5 Qf6 34. b5 axb5 35. d6 Bd8 36. Qd5 Qxh4 37. Qxf7+ Kh8 38. Qe8+ Kh7 39. Qxe5 b4 40. Bxb4 b5 41. Bc5 Bf6 42. Qe6 Qg5 43. Be3 Qe5 44. Qf7+ Kh8 45. Qxf6+ Qxf6 46. Bd4 Kg7 47. d7 1-0